Respondiendo al desafío del cambio global en las Américas : (Registro nro. 8063)
[ vista simple ]
| 000 -CABECERA | |
|---|---|
| Campo de control interno | 01740nam a2200229Ia 4500 |
| 008 - ELEMENTOS DE LONGITUD FIJA - INFORMACIÓN GENERAL | |
| Campo de control de longitud fija | 260220t2003||||xx |||||||||||||| ||spa|| |
| 040 ## - FUENTE DE CATALOGACIÓN | |
| Agencia de catalogación original | PY-SlUNAC |
| Idioma de catalogación | spa |
| Convenciones de descripción | rda |
| 041 ## - CÓDIGO DE IDIOMA | |
| Código de idioma para texto/pista de sonido o título separado | spa |
| 082 ## - NÚMERO DE CLASIFICACIÓN DECIMAL DEWEY | |
| Clasificación Decimal Dewey (CDD) | 551.6 |
| Clasificación Expansiva de Cutter (EC) | Ins6r |
| 245 #0 - TÍTULO | |
| Título | Respondiendo al desafío del cambio global en las Américas : |
| Subtítulo | una década de logros |
| 264 ## - PIE DE IMPRENTA | |
| Lugar | Sao José dos Campos : |
| Editorial | IAI, |
| Año | ℗2003. |
| 300 ## - DESCRIPCIÓN FÍSICA | |
| Páginas | 1 volumen |
| 520 ## - NOTA DE RESUMEN | |
| Nota de resumen | El libro "Respondiendo al desafío del cambio global en las Américas: una década de logros" se centra en los efectos del cambio global en la región americana y los esfuerzos realizados durante diez años para abordar estos desafíos. A través de una recopilación de estudios de caso, análisis y datos, los autores examinan cómo las políticas y acciones implementadas han impactado en la sostenibilidad ambiental, la economía y la cohesión social en diversas naciones. Se destacan iniciativas exitosas que han promovido la cooperación regional y la innovación en la gestión de recursos naturales, así como la importancia de la participación comunitaria en la toma de decisiones. El libro también reflexiona sobre los obstáculos persistentes, como la desigualdad y la falta de infraestructura adecuada, que limitan el progreso. En última instancia, se aboga por un enfoque integrado que contemple la interrelación entre los aspectos sociales, económicos y ambientales para enfrentar eficazmente los retos del cambio global en el continente americano. |
| 651 ## - MATERIA - NOMBRE GEOGRÁFICO | |
| Materia - nombre geográfico | América Latina |
| 653 ## - MATERIA - TÉRMINO TEMÁTICO NO CONTROLADO (PALABRAS CLAVE) | |
| Materia - término temático no controlado (palabras clave) | Cambio global |
| 653 ## - MATERIA - TÉRMINO TEMÁTICO NO CONTROLADO (PALABRAS CLAVE) | |
| Materia - término temático no controlado (palabras clave) | Desarrollo sostenible |
| 942 ## - ELEMENTOS PERSONALIZADOS (KOHA) | |
| Fecha catalogación | 2026/02/17 |
| Tipo de documento | Libros |
| Fuente de Clasificacion | Colección | Ubicacion permanente | Biblioteca actual | Fecha de Ingreso a la Biblioteca | Origen de adquisición | Código de ubicación | Código de barras | Tipo de Item KOHA | Nota pública |
|---|---|---|---|---|---|---|---|---|---|
| Dewey Decimal Classification | Colección General (CG) | Biblioteca e Internet, Facultad de Ciencias Exactas y Naturales | Biblioteca e Internet, Facultad de Ciencias Exactas y Naturales | 02/20/2026 | Donación | 551.6 Ins6r | CG1423 | Libros | Material disponible en la Biblioteca e Intenet, Campus UNA, San Lorenzo. |


